[Event "POL-chT 2nd League"]
[Site "Szklarska Poreba"]
[Date "2017.09.03"]
[Round "2.4"]
[White "Kowalewski, Wladyslaw"]
[Black "Zurkowski, Andrzej"]
[Result "1/2-1/2"]
[WhiteElo "1668"]
[BlackElo "2048"]
[PlyCount "119"]
[EventDate "2017.09.02"]
[EventType "team-swiss"]
[EventRounds "9"]
[EventCountry "POL"]
[SourceTitle "CBM 180 Extra"]
[Source "ChessBase"]
[SourceDate "2017.10.06"]
[SourceVersion "1"]
[SourceVersionDate "2017.10.06"]
[SourceQuality "1"]
[WhiteTeam "Krakow KKSz"]
[BlackTeam "Debica Gryf"]
[WhiteTeamCountry "POL"]
[BlackTeamCountry "POL"]

1. e4 Nf6 2. Nc3 d6 3. d4 c6 4. f4 b5 5. e5 dxe5 6. fxe5 Nd5 7. Nf3 Bg4 8. Be2 e6 9. 0-0 Be7 10. h3 Bf5 11. Nxd5 Qxd5 12. Bg5 f6 13. Bh4 Nd7 14. c3 0-0 15. Nd2 Nb6 16. Bf3 Qd7 17. exf6 Bxf6 18. Bxf6 gxf6 19. Be4 Bg6 20. Qf3 Rac8 21. Bxg6 hxg6 22. Ne4 Nd5 23. Rae1 Rce8 24. Qg3 Kg7 25. Nc5 Qc7 26. Qg4 f5 27. Qg5 e5 28. dxe5 Qb6 29. b4 Nxc3 30. Kh1 Qc7 31. Re3 Nd5 32. Rg3 Qf7 33. Nd7 Qe6 34. Nxf8 Rxf8 35. a3 f4 36. Rgf3 Rf5 37. Qd8 Rxe5 38. Qb8 Qe7 39. Qc8 Qd6 40. Rd1 Re7 41. Rc3 Re6 42. Qb7+ Kh6 43. Qc8 Kg7 44. Qb7+ Qe7 45. Qxe7+ Nxe7 46. Rd7 Kh6 47. Rxa7 Re1+ 48. Kh2 Nd5 49. Rf3 Kg5 50. Rf7 Re2 51. Kg1 Ra2 52. Rf8 Ra1+ 53. Kh2 Ra2 54. Kg1 Rc2 55. g3 Rc1+ 56. Kh2 Rc2+ 57. Kh1 Rc4 58. Kh2 Rc2+ 59. Kg1 Rc1+ 60. Kh2 1/2-1/2

[Event "Krakow Malopolski-chB"]
[Site "Krakow"]
[Date "2015.05.01"]
[Round "6.2"]
[White "Kowalewski, Wladyslaw"]
[Black "Mintenko, Heorhiy"]
[Result "1-0"]
[WhiteElo "1704"]
[BlackElo "1934"]
[PlyCount "81"]
[EventDate "2015.04.26"]
[EventType "swiss"]
[EventRounds "9"]
[EventCountry "POL"]
[SourceTitle "EXT 2023"]
[Source "ChessBase"]
[SourceDate "2022.10.05"]
[SourceVersion "1"]
[SourceVersionDate "2022.10.05"]
[SourceQuality "1"]

1. e4 c5 2. f4 g6 3. Nf3 Bg7 4. Bc4 e6 5. 0-0 Nc6 6. c3 Nge7 7. e5 d5 8. exd6 Qxd6 9. d3 0-0 10. Nbd2 b6 11. Ne4 Qc7 12. a3 a5 13. Qe1 Nf5 14. Nfg5 h6 15. Nf3 Nd6 16. Qh4 Nxe4 17. dxe4 Qe7 18. Qh3 Ba6 19. Bxa6 Rxa6 20. Nh4 Bf6 21. Nf3 Bg7 22. Nh4 Bf6 23. Nf3 Bg7 24. f5 exf5 25. exf5 g5 26. f6 Qxf6 27. Nxg5 Qg6 28. Nf3 Ne7 29. Nh4 Qe4 30. Bf4 Ng6 31. Nxg6 Qxg6 32. Rf3 b5 33. Rg3 Qe6 34. Rg4 Kh7 35. Qg3 Rg8 36. Bxh6 Qxg4 37. Qxg4 Bd4+ 38. Qxd4 cxd4 39. Bf4 dxc3 40. bxc3 Re8 41. Rb1 1-0

[Event "Krakow Malopolski-chB"]
[Site "Krakow"]
[Date "2015.04.28"]
[Round "3.4"]
[White "Kowalewski, Wladyslaw"]
[Black "Nalichowski, Bogdan"]
[Result "1-0"]
[WhiteElo "1704"]
[BlackElo "1350"]
[PlyCount "37"]
[EventDate "2015.04.26"]
[EventType "swiss"]
[EventRounds "9"]
[EventCountry "POL"]
[SourceTitle "EXT 2023"]
[Source "ChessBase"]
[SourceDate "2022.10.05"]
[SourceVersion "1"]
[SourceVersionDate "2022.10.05"]
[SourceQuality "1"]

1. e4 e5 2. f4 exf4 3. Nf3 Be7 4. h4 c6 5. d4 g5 6. hxg5 Bxg5 7. Bd3 h6 8. Nxg5 Qxg5 9. 0-0 d6 10. Bxf4 Qg7 11. c3 Bg4 12. Qd2 Nd7 13. Bg3 Be6 14. Qf4 Qf8 15. d5 cxd5 16. exd5 Bxd5 17. Bf5 Ne7 18. c4 Nf6 19. cxd5 1-0

[Event "Krakow Malopolski-chB"]
[Site "Krakow"]
[Date "2015.04.27"]
[Round "2.5"]
[White "Chowaniec, Artur"]
[Black "Kowalewski, Wladyslaw"]
[Result "1/2-1/2"]
[WhiteElo "1507"]
[BlackElo "1704"]
[PlyCount "94"]
[EventDate "2015.04.26"]
[EventType "swiss"]
[EventRounds "9"]
[EventCountry "POL"]
[SourceTitle "EXT 2023"]
[Source "ChessBase"]
[SourceDate "2022.10.05"]
[SourceVersion "1"]
[SourceVersionDate "2022.10.05"]
[SourceQuality "1"]

1. d4 Nf6 2. c4 e6 3. Nc3 Bb4 4. Bg5 c6 5. Qc2 d5 6. Nf3 h6 7. Bh4 0-0 8. e3 Be7 9. Bd3 dxc4 10. Bxc4 Nd5 11. Bg3 Nd7 12. 0-0 b5 13. Nxd5 exd5 14. Bd3 Bb7 15. Ne5 Nxe5 16. Bxe5 Bd6 17. Bxd6 Qxd6 18. Qc5 Qf6 19. a4 a6 20. a5 Bc8 21. b4 Bd7 22. Rac1 Rfc8 23. Rc2 g6 24. Rfc1 h5 25. Qc3 h4 26. h3 Qg5 27. Kh2 Qf6 28. Qd2 Qd6+ 29. Kg1 Qf6 30. Kh2 Qd6+ 31. Kg1 Qf6 32. Be2 Kg7 33. Kh2 Qxf2 34. Rf1 Qg3+ 35. Kh1 Re8 36. Rf3 Qg5 37. Bd3 Re7 38. Qf2 Rae8 39. Re2 f5 40. Qe1 Qh6 41. Qf2 Qg5 42. Rf4 Bc8 43. Bc2 Rh8 44. Qe1 Qf6 45. Qc3 Rhe8 46. Qe1 g5 47. Rff2 Bd7 1/2-1/2

[Event "Krakow Malopolski-chB"]
[Site "Krakow"]
[Date "2014.04.28"]
[Round "2"]
[White "Lewczuk, Antoni"]
[Black "Kowalewski, Wladyslaw"]
[Result "1-0"]
[WhiteElo "1573"]
[BlackElo "1732"]
[PlyCount "75"]
[EventDate "2014.04.27"]
[EventType "swiss"]
[EventRounds "9"]
[EventCountry "POL"]
[SourceTitle "CBM 160 Extra"]
[Source "ChessBase"]
[SourceDate "2014.07.01"]
[SourceVersion "1"]
[SourceVersionDate "2014.07.01"]
[SourceQuality "1"]

1. c4 c5 2. b3 Nf6 3. Bb2 e6 4. g3 Be7 5. Bg2 0-0 6. e3 d5 7. Ne2 Nc6 8. d4 cxd4 9. exd4 Bb4+ 10. Bc3 Bxc3+ 11. Nbxc3 dxc4 12. bxc4 Bd7 13. 0-0 Na5 14. Qd3 Rc8 15. c5 Bc6 16. Rfd1 Bxg2 17. Kxg2 b6 18. cxb6 axb6 19. Ne4 Qd5 20. f3 Nxe4 21. fxe4 Qg5 22. h4 Qh6 23. Rac1 Nc6 24. Qa6 Ra8 25. Qc4 Ne7 26. Qb3 f5 27. Nf4 fxe4 28. Nxe6 Kh8 29. Nxf8 Rxf8 30. Rf1 Nf5 31. Rxf5 Qd2+ 32. Kh3 Ra8 33. Rcf1 h6 34. Rf8+ Rxf8 35. Rxf8+ Kh7 36. Qg8+ Kg6 37. Qe6+ Kh7 38. Qf5+ 1-0

[Event "Lukowica qual"]
[Site "Lukowica"]
[Date "2012.06.03"]
[Round "?"]
[White "Kowalewski, Wladyslaw"]
[Black "Gamon, Stanislaw"]
[Result "0-1"]
[WhiteElo "1759"]
[BlackElo "2058"]
[PlyCount "44"]
[EventDate "2012.05.31"]
[EventType "tourn"]
[EventRounds "9"]
[EventCountry "POL"]
[SourceTitle "EXT 2023"]
[Source "ChessBase"]
[SourceDate "2022.10.05"]
[SourceVersion "1"]
[SourceVersionDate "2022.10.05"]
[SourceQuality "1"]

1. e4 c5 2. Nf3 e6 3. d4 cxd4 4. Nxd4 a6 5. c4 Nf6 6. Nc3 Qc7 7. Be2 Be7 8. Be3 0-0 9. f3 Nc6 10. Rc1 Nxd4 11. Bxd4 b6 12. f4 Bb7 13. Qb3 Nxe4 14. Nxe4 Bxe4 15. Qc3 Bf6 16. f5 Rab8 17. Be5 Bxe5 18. Qe3 Bxg2 19. Rg1 exf5 20. Rxg2 Bf4 21. Qc3 Bxc1 22. Qxc1 Rbe8 0-1

[Event "Lukowica qual"]
[Site "Lukowica"]
[Date "2012.06.02"]
[Round "?"]
[White "Kowalewski, Wladyslaw"]
[Black "Mazurkiewicz, Adam"]
[Result "1-0"]
[WhiteElo "1759"]
[BlackElo "1535"]
[PlyCount "63"]
[EventDate "2012.05.31"]
[EventType "tourn"]
[EventRounds "9"]
[EventCountry "POL"]
[SourceTitle "EXT 2023"]
[Source "ChessBase"]
[SourceDate "2022.10.05"]
[SourceVersion "1"]
[SourceVersionDate "2022.10.05"]
[SourceQuality "1"]

1. e4 e5 2. d4 exd4 3. c3 dxc3 4. Bc4 Qf6 5. Nxc3 Bb4 6. Bd2 Ne7 7. Nge2 Nbc6 8. 0-0 0-0 9. a3 Bd6 10. f4 Bc5+ 11. Kh1 d6 12. Ng3 Ng6 13. b4 Bd4 14. Nd5 Qd8 15. Rc1 Nge7 16. f5 Nxd5 17. Bxd5 Kh8 18. b5 Ne7 19. Ba2 Be5 20. Nh5 d5 21. Bb4 d4 22. f6 gxf6 23. Nxf6 Bxf6 24. Rxf6 Be6 25. Bxe7 Qxe7 26. Qxd4 Kg8 27. Qe5 Qd6 28. Rxe6 fxe6 29. Bxe6+ Rf7 30. Qg5+ Kf8 31. Bxf7 Kxf7 32. Rf1+ 1-0

[Event "Lukowica qual"]
[Site "Lukowica"]
[Date "2012.06.01"]
[Round "?"]
[White "Kowalewski, Wladyslaw"]
[Black "Trojanowski, Rafal"]
[Result "1/2-1/2"]
[WhiteElo "1759"]
[BlackElo "2038"]
[PlyCount "23"]
[EventDate "2012.05.31"]
[EventType "tourn"]
[EventRounds "9"]
[EventCountry "POL"]
[SourceTitle "EXT 2023"]
[Source "ChessBase"]
[SourceDate "2022.10.05"]
[SourceVersion "1"]
[SourceVersionDate "2022.10.05"]
[SourceQuality "1"]

1. e4 e6 2. d4 d5 3. exd5 exd5 4. c4 Nf6 5. cxd5 Nxd5 6. Nc3 c6 7. Nxd5 Qxd5 8. Nf3 Bg4 9. Be2 Bb4+ 10. Bd2 Bxd2+ 11. Qxd2 0-0 12. 0-0 1/2-1/2

[Event "Limanowa-ch 14th"]
[Site "Limanowa"]
[Date "2012.02.22"]
[Round "3"]
[White "Slabek, Grzegorz"]
[Black "Kowalewski, Wladyslaw"]
[Result "1-0"]
[WhiteElo "2038"]
[BlackElo "1759"]
[PlyCount "61"]
[EventDate "2012.02.21"]
[EventType "tourn"]
[EventRounds "9"]
[EventCountry "POL"]
[SourceTitle "EXT 2023"]
[Source "ChessBase"]
[SourceDate "2022.10.05"]
[SourceVersion "1"]
[SourceVersionDate "2022.10.05"]
[SourceQuality "1"]

1. e4 e5 2. d4 exd4 3. Qxd4 Nc6 4. Qe3 Qe7 5. Nc3 Nf6 6. Nb5 Kd8 7. Bd3 a6 8. Nc3 Qc5 9. Nf3 h6 10. 0-0 Qxe3 11. Bxe3 d6 12. h3 b5 13. Rad1 Nb4 14. e5 Nfd5 15. Be4 Nxe3 16. fxe3 Ra7 17. a3 Nxc2 18. Bxc2 Be6 19. exd6 cxd6 20. Nd4 Rd7 21. Bf5 Bxf5 22. Rxf5 g6 23. Rd5 Kc7 24. Ne4 Be7 25. Rc1+ Kb8 26. Nc5 Ra7 27. Nc6+ Ka8 28. Nxa7 Kxa7 29. Ne4 Kb6 30. Nxd6 Bxd6 31. Rxd6+ 1-0

[Event "Limanowa-ch 14th"]
[Site "Limanowa"]
[Date "2012.02.21"]
[Round "1"]
[White "Szumski, Janusz"]
[Black "Kowalewski, Wladyslaw"]
[Result "1-0"]
[WhiteElo "2058"]
[BlackElo "1759"]
[PlyCount "140"]
[EventDate "2012.02.21"]
[EventType "tourn"]
[EventRounds "9"]
[EventCountry "POL"]
[SourceTitle "EXT 2023"]
[Source "ChessBase"]
[SourceDate "2022.10.05"]
[SourceVersion "1"]
[SourceVersionDate "2022.10.05"]
[SourceQuality "1"]

1. Nf3 Nf6 2. b3 d5 3. Bb2 e6 4. e3 Be7 5. c4 0-0 6. Be2 b6 7. 0-0 Bb7 8. Ne5 Nbd7 9. Bf3 Nxe5 10. Bxe5 Bd6 11. Bg3 Ne4 12. d3 Nxg3 13. hxg3 Be5 14. d4 Bd6 15. Nc3 c6 16. e4 dxc4 17. bxc4 Bb4 18. Rc1 Qe7 19. Qa4 Bxc3 20. Rxc3 Rfd8 21. Rd1 e5 22. d5 c5 23. Qc2 Rd6 24. Rb1 g6 25. a4 Kg7 26. Rcb3 Qd7 27. R3b2 Ba6 28. Be2 Qc7 29. Qc3 Rdd8 30. g4 g5 31. Ra1 Rab8 32. Ra3 f6 33. g3 h6 34. Kg2 Bc8 35. a5 Bd7 36. axb6 axb6 37. Ra6 Bc8 38. Ra1 Bd7 39. Rba2 Rb7 40. Ra8 Rxa8 41. Rxa8 Ra7 42. Rxa7 Qxa7 43. Qb2 Qc7 44. Qa1 Qb8 45. Qa6 Kg6 46. f3 Be8 47. Kf2 Bd7 48. Ke3 Kg7 49. f4 exf4+ 50. gxf4 Qxf4+ 51. Kd3 Qg3+ 52. Kd2 Qd6 53. Qb7 Kg6 54. Bd3 Qf4+ 55. Kc3 Qe5+ 56. Kc2 Bxg4 57. Qxb6 Bf3 58. Qxc5 Bxe4 59. Qe3 Bxd3+ 60. Qxd3+ f5 61. d6 Qh2+ 62. Kc3 Kg7 63. Kb3 Qh1 64. d7 Qa8 65. d8Q Qb7+ 66. Ka4 Qa7+ 67. Kb3 Qb7+ 68. Kc3 Qg2 69. Q3d4+ Kg6 70. Qg8+ Kh5 1-0

[Event "Krakow KKSz op"]
[Site "Krakow"]
[Date "2008.06.22"]
[Round "5.7"]
[White "Polek, Marek"]
[Black "Kowalewski, Wladyslaw"]
[Result "1/2-1/2"]
[WhiteElo "1621"]
[BlackElo "1798"]
[PlyCount "122"]
[EventDate "2008.06.20"]
[EventType "swiss"]
[EventRounds "5"]
[EventCountry "POL"]
[SourceTitle "EXT 2023"]
[Source "ChessBase"]
[SourceDate "2022.10.05"]
[SourceVersion "1"]
[SourceVersionDate "2022.10.05"]
[SourceQuality "1"]

1. e4 d5 2. exd5 Nf6 3. Nc3 Nxd5 4. Nxd5 Qxd5 5. Nf3 Bg4 6. Be2 Nc6 7. h3 Bh5 8. d3 e5 9. 0-0 0-0-0 10. Re1 e4 11. dxe4 Qxe4 12. Bd3 Bxf3 13. gxf3 Qh4 14. Kg2 Bc5 15. Qe2 g6 16. Be3 Rhe8 17. Qd2 Bxe3 18. Rxe3 Qg5+ 19. Kh2 Nd4 20. Rd1 Qf4+ 21. Kg2 Ne6 22. a3 Qg5+ 23. Kh2 Nf4 24. Rg1 Qh6 25. Rg3 Nd5 26. Re2 Qxd2 27. Rxd2 Nf4 28. Rg4 Nxd3 29. cxd3 Rd6 30. Rf4 f5 31. Rc4 Red8 32. Rc3 b6 33. Kg3 Rd4 34. Rdc2 R8d7 35. Rd2 c5 36. b4 c4 37. Rdc2 Rxd3 38. Rxc4+ Kb7 39. R2c3 Rxc3 40. Rxc3 Rd4 41. Kg2 Ka6 42. Kg3 Kb7 43. f4 a5 44. b5 Rd5 45. a4 Rd4 46. Ra3 Kc7 47. Rc3+ Kd7 48. Rc6 Rd6 49. Rc3 Rd4 50. Rc6 Rd6 51. Rc3 h6 52. h4 h5 53. Kf3 Rd4 54. Rc6 Rxa4 55. Rxb6 Ra1 56. Rxg6 a4 57. Ra6 a3 58. Kg2 a2 59. Kh2 Kc7 60. Kg2 Kb7 61. Kh2 Kc7 1/2-1/2

[Event "Krakow KKSz op"]
[Site "Krakow"]
[Date "2008.06.20"]
[Round "1.1"]
[White "Mikrut, Dariusz"]
[Black "Kowalewski, Wladyslaw"]
[Result "1/2-1/2"]
[WhiteElo "2407"]
[BlackElo "1798"]
[PlyCount "152"]
[EventDate "2008.06.20"]
[EventType "swiss"]
[EventRounds "5"]
[EventCountry "POL"]
[SourceTitle "EXT 2023"]
[Source "ChessBase"]
[SourceDate "2022.10.05"]
[SourceVersion "1"]
[SourceVersionDate "2022.10.05"]
[SourceQuality "1"]

1. d4 Nf6 2. c4 g6 3. Nc3 Bg7 4. e4 d6 5. f3 Nc6 6. Nge2 Bd7 7. Be3 e6 8. Qd2 Qe7 9. d5 exd5 10. cxd5 Ne5 11. Nd4 a6 12. Be2 0-0 13. 0-0 c5 14. dxc6 bxc6 15. Rad1 d5 16. exd5 cxd5 17. Nb3 Rfc8 18. Rfe1 Be6 19. Nd4 Nc4 20. Bxc4 Rxc4 21. b3 Rc7 22. Na4 Rac8 23. Bg5 Rb7 24. Qe2 Qd6 25. Qd2 Re8 26. Bh6 Rbe7 27. Bxg7 Kxg7 28. Rc1 Bd7 29. Rxe7 Qxe7 30. Nc5 Rc8 31. b4 a5 32. Re1 Qd6 33. Nxd7 Nxd7 34. bxa5 Qc5 35. Kh1 Nf6 36. h3 Re8 37. Rc1 Qd6 38. Qg5 Re5 39. Qg3 Qa3 40. Qxe5 Qxc1+ 41. Kh2 Qa3 42. Qc7 Qe3 43. Nc6 Ne8 44. Qe5+ Qxe5+ 45. Nxe5 Nc7 46. Nd7 f6 47. Kg3 Kf7 48. Nc5 Ke7 49. Kf4 Kd6 50. Nb3 Na6 51. a3 Kc6 52. Ke3 Kb5 53. Kd4 Nc7 54. a6 Kxa6 55. Kc5 Ne6+ 56. Kd6 Nf4 57. g3 Ne2 58. Kxd5 Nxg3 59. Nc5+ Kb5 60. Ne6 Nh5 61. Ke4 h6 62. Nf8 Ng3+ 63. Kf4 Ne2+ 64. Ke3 Ng1 65. h4 g5 66. h5 f5 67. Ne6 Nh3 68. Nd4+ Ka4 69. Nxf5 Nf4 70. Ng7 Kxa3 71. Ke4 Kb4 72. Kf5 Kc4 73. Kg4 Kd3 74. Nf5 Ke2 75. Nxh6 Nxh5 76. Nf5 Kf2 1/2-1/2